Państwa produkujące najwięcej gruszek - Statystyki

Ogólne statystyki
  • Ten quiz został rozwiązany 102 razy
  • Średni wynik to 6 z 10
Statystyki odpowiedzi
Tony w tysiącach Państwo % Poprawnych
17000 Chiny
97%
661 Stany Zjednoczone
95%
300 Indie
87%
331 Hiszpania
82%
429 Włochy
80%
531 Turcja
69%
595 Argentyna
48%
373 Holandia
31%
407 Republika Południowej Afryki
29%
332 Belgia
24%
Nie znaleziono quizów pasujących do podanych kryteriów
Rozkład punktacji
Procent ludzi z każdym wynikiem
Percentyl według liczby udzielonych odpowiedzi
Twoja historia wyników
Nie rozwiązałeś tego quizu